|
|
|
|
| LEADER |
00000cam a2200000 7i4500 |
| 001 |
0000003272 |
| 005 |
20050819.0 |
| 020 |
0 |
0 |
|a 0851996736
|
| 090 |
0 |
0 |
|a 631.4
|b BEL
|
| 245 |
1 |
0 |
|a Below-ground interactions in tropical agroecosystems :
|b concepts and models with multiple plant components
|c edited by M. van Noordwijk, G. Cadisch, and C.K. Ong
|
| 260 |
0 |
0 |
|a Wallingford, Oxfordshire, OX
|a Cambridge, MA, USA :
|b CABI Pub. ,
|c c2004.
|
| 300 |
|
|
|a xxi, 440 p. :
|b ill. ;
|c 25 cm.
|
| 650 |
0 |
0 |
|a Agricultural ecology
|z Tropics
|
| 650 |
0 |
0 |
|a Plant-soil relationships
|z Tropics
|
| 700 |
1 |
1 |
|a Cadisch, G. [
|q (Georg)]
|
| 700 |
1 |
1 |
|a Noordwijk, Meine van.
|
| 700 |
1 |
1 |
|a Ong, C. K.
|
| 999 |
|
|
|a 0000006230
|b Monograph
|c Open Shelf
|e Default branch
|